500 US Rappers, 500 Albums - Statistics

General Stats
  • This quiz has been taken 802 times
  • The average score is 74 of 500
Answer Stats
Album Rapper % Correct
The Marshall Mathers LP (2000) Eminem
88%
All Eyez on Me (1996) 2pac
87%
The College Dropout (2004) Kanye West
85%
Montero (2021) Lil Nas X
84%
Ready to Die (1994) Biggie/The Notorious B.I.G.
83%
Honor Killed The Samurai (2016) KA
83%
Good Kid, M.A.A.D City (2012) Kendrick Lamar
83%
Doggystyle (1993) Snoop Dogg
83%
The Chronic (1992) Dr. Dre
82%
Nothing Was the Same (2013) Drake
81%
Illmatic (1994) Nas
81%
Reasonable Doubt (1996) Jay-Z
78%
Tha Carter (2004) Lil Wayne
78%
AmeriKKKa's Most Wanted (1990) Ice Cube
72%
Get Rich Or Die Tryin' (2003) 50 Cent
70%
War Zone (1999) [as Black Moon] 5ft
70%
2014 Forest Hills Drive (2014) J. Cole
70%
Astroworld (2018) Travis Scott
70%
Herstory In The Making (2019) Young M.A
69%
IGOR (2019) Tyler, the Creator
68%
Luv Is Rage 2 (2017) Lil Uzi Vert
65%
ATLiens (1996) [as OutKast] André 3000
64%
My Turn (2020) Lil Baby
64%
Stress: The Extinction Agenda (1994) [as Organized Konfusion] Prince Po
64%
? (2018) XXXTentacion
64%
Jealous Ones Still Envy/J.O.S.E. (2001) Fat Joe
61%
Man On The Moon: The End Of Day (2009) Kid Cudi
60%
Operation: Doomsday (1999) MF DOOM
59%
Vacation In Hell (2018) [as Flatbush Zombies] Zombie Juice
59%
Blame It On Baby (2020) DaBaby
58%
Straight Outta Compton (1988) [as N.W.A.] Eazy-E
58%
Rain In England (2010) Lil B/Based God
58%
Mama Said Knock You Out (1990) LL Cool J
58%
Issa Album (2017) 21 Savage
56%
Long.Live.A$AP (2013) A$AP Rocky
55%
Whole Lotta Red (2020) Playboi Carti
55%
The Wizrd (2019) Future
54%
B4.DA.$$ (2015) Joey Bada$$
53%
Pray For Paris (2020) Westside Gunn
53%
The Miseducation Of [...] (1998) Lauryn Hill
52%
Culture II (2018) [as Migos] Offset
52%
Culture (2017) [as Migos] Quavo
52%
Liquid Swords (1995) GZA
51%
Culture III (2021) [as Migos] Takeoff
50%
Legends Never Die (2020) Juice WRLD
49%
Stankonia (2000) [as OutKast] Big Boi
47%
Gangsta's Paradise (1995) Coolio
44%
Shoot For The Stars Aim For The Moon (2020) Pop Smoke
44%
Daytona (2018) Pusha T
44%
The Melodic Blue (2021) Baby Keem
43%
N / O / I / S / E (2018) Ghostemane
43%
Bobby Digital in Stereo (1998) RZA
43%
Blvcklvnd Rvdix 66.6 1991 (2011) SpaceGhostPurrp
43%
Coloring Book (2016) Chance the Rapper
42%
Ta13oo (2018) Denzel Curry
42%
Generation Numb (2018) Fat Nick
42%
Tical (1994) Method Man
42%
Never Better (2009) P.O.S
42%
He's the DJ, I'm the Rapper (1988) [with D.J. Jazzy Jeff] The Fresh Prince/Will Smith
41%
DiCaprio 2 (2018) J.I.D
40%
Black on Both Sides (1999) Mos Def
40%
Only Built 4 Cuban Linx... (1995) Raekwon
40%
Finally Rich (2012) Chief Keef
39%
Ironman (1996) Ghostface Killah
39%
Watching Movies With The Sound Off (2013) Mac Miller
39%
Return to the 36 Chambers: The Dirty Version (1995) Ol' Dirty Bastard
39%
Hollywood's Bleeding (2019) Post Malone
39%
Trap Lord (2013) A$AP Ferg
37%
Because the Internet (2013) Childish Gambino
37%
Flesh of My Flesh, Blood of My Blood (1998) DMX
37%
Wunna (2020) Gunna
37%
Oxymoron (2014) ScHoolboy Q
37%
Bandana (2019) [with Madlib] Freddie Gibbs
36%
The Art Of Storytelling (1999) Slick Rick
36%
Real Brothas (1995) [with Dresta] B.G. Knocc Out
35%
Come Over When You're Sober, Pt. 2 (2018) Lil Peep
35%
Trap Muzik (2003) T.I.
35%
I Don't Like Shit, I Don't Go Outside (2015) Earl Sweatshirt
34%
Run the Jewels 2 (2014) [as Run the Jewels] Killer Mike
34%
The Documentary (2005) The Game
34%
The Low End Theory (1991) [as A Tribe Called Quest] Q-Tip
33%
Big Fish Theory (2017) Vince Staples
32%
Naughty By Nature (1991) [as Naughty By Nature] Vinnie/Vin Rock
32%
Regulate... G Funk Era (1994) Warren G
32%
Atrocity Exhibition (2016) Danny Brown
31%
Just Cause Y'all Waited 2 (2020) Lil Durk
31%
Teenage Emotions (2017) Lil Yachty
31%
Run-D.M.C. (1984) [as Run DMC] Run
31%
Capital Punishment (1998) Big Pun
30%
No Pressure (2020) Logic
30%
Whut? Thee Album (1992) Redman
30%
Stokeley (2018) Ski Mask the Slump God
30%
Supa Dupa Fly (1997) Missy Elliott
29%
The 18th Letter (1997) Rakim
29%
Pegasus (2020) Trippie Redd
29%
Day69 (2018) 6IX9INE
28%
Like Water For Chocolate (2000) Common
28%
O.G. Original Gangster (1991) Ice-T
28%
Veteran (2018) JPEGMAFIA
28%
G-Funk Classics, Vol. 1 & 2 (1998) Nate Dogg
28%
Port Of Miami (2006) Rick Ross
28%
Things Fall Apart (1999) [as The Roots] Black Thought
27%
La Maquina (2021) Conway The Machine
27%
Efil4zaggin (1991) [as N.W.A.] MC Ren
27%
Top Shotta (2020) NLE Choppa
27%
Carte Blanche (2007) Phat Kat
27%
The Infamous (1995) [as Mobb Deep] Prodigy
27%
The Sharecropper's Daughter (2020) Sa-Roc
27%
SYRE (2017) Jaden Smith
26%
Welcome To O'Block (2020) King Von
26%
Virgo World (2020) Lil Tecca
26%
Word Of Mouf (2001) Ludacris
26%
Pray For Haiti (2021) Mach-Hommy
26%
Trap House (2005) Gucci Mane
25%
Hard Core (1996) Lil Kim
25%
Meteora (2003) [as Linkin Park] Mike Shinoda
25%
Forever (1999) Puff Daddy
25%
8th Wonder (1981) [as Sugarhill Gang] Wonder Mike
25%
Tana Talk 4 (2022) Benny The Butcher
24%
Genesis (2001) Busta Rhymes
24%
Uncontrolled Substance (1999) Inspectah Deck
24%
Destined 2 Win (2021) Lil TJay
24%
WINTER NEW YORK (2015) MIKE
24%
Finally Famous (2011) Big Sean
23%
The Color Blu(e) (2021) Blu
23%
Elephunk (2003) [as The Black Eyed Peas] will.i.am
23%
The Big Picture (2000) Big L
22%
Tougher Than Leather (1988) [as Run DMC] DMC
21%
I'll Sleep When You're Dead (2007) El-P
21%
Hell On Earth (1996) [as Mobb Deep] Havoc
21%
Victory Lap (2018) Nipsey Hussle
21%
Taste Of Chocolate (1990) Big Daddy Kane
20%
Redemption (2018) Jay Rock
20%
Stay Trippy (2013) Juicy J
20%
Tetsuo & Youth (2015) Lupe Fiasco
20%
Midnight Marauders (1993) [as A Tribe Called Quest] Phife Dawg
20%
Nocturnal (1996) [as Heltah Skeltah] Rock
20%
Golden Arms Redemption (1999) U-God
20%
Malibu (2016) Anderson .Paak
19%
We Can't Be Stopped (1991) [as Geto Boys] Scarface
19%
Do What Thou Wilt. (2016) Ab-Soul
17%
The Impossible Kid (2016) Aesop Rock
17%
It Takes a Nation of Millions to Hold Us Back (1988) [as Public Enemy] Chuck D
17%
Fear of a Black Planet (1990) [as Public Enemy] Flavor Flav
17%
No Said Date (2004) Masta Killa
17%
Song of Sage: Post Panic! (2020) Navy Blue
17%
All Hail The Queen (1989) Queen Latifah
17%
The World Is Yours 2 (2019) Rich The Kid
17%
4Eva Is A Mighty Long Time (2017) Big K.R.I.T.
16%
The Pillage (1998) Cappadonna
16%
I Wish My Brother George Was Here (1991) Del the Funky Homosapien
16%
Mystic Stylez (1995) [as Three-6-Mafia] DJ Paul
16%
The End (1996) [as Three-6-Mafia] Gangsta Boo
16%
The Sun's Tirade (2016) Isaiah Rashad
16%
The Beautiful Struggle (2004) Talib Kweli
16%
Doe Or Die (1995) AZ
15%
The Price Of Tea In China (2020) [with Alchemist] Boldy James
15%
Ridin' Dirty (1996) [as UGK] Bun B
15%
Iridescence (2018) [as BROCKHAMPTON] Kevin Abstract
15%
Exmilitary (2011) [as Death Grips] MC Ride
15%
Lord Willin' (2002) [as Clipse] No Malice
15%
Soul on Ice (1995) Ras Kass
15%
Death Is Certain (2004) Royce da 5'9"
15%
No Idols (2012) [with Alchemist] Domo Genesis
14%
Daily Operation (1992) [as Gang Starr] Guru
14%
Return Of The Boom Bap (1993) KRS-One
14%
Still Brazy (2016) YG
14%
Hiding Places (2019) [with Kenny Segal] billy woods
13%
Volume 1 (2003) [as The Diplomats] Cam'ron
13%
Classic 220 (1999) [as 2nd II None] Gangsta D
13%
Ethereal (2022) $NOT
13%
Innocent Country: Season 2 (2020) [with Chris Keys] Quelle Chris
13%
The Inspiration (2006) Young Jeezy
13%
Black Sunday (1993) [as Cypress Hill] B-Real
12%
Age Against The Machine (2013) [as Goodie Mob] Cee-Lo Green
12%
God Goku Jay​-​Z (2021) J.U.S
12%
Unbothered (2021) Lil Skies
12%
Harlem World (1997) Ma$e
12%
Too Hard To Swallow (1992) [as UGK] Pimp C
12%
Man Vs Machine (2002) Xzibit
12%
Can-I-Bus (1998) Canibus
11%
Licensed To Ill (1986) [as Beastie Boys] Mike D
11%
Adrenaline Rush (1997) Twista
11%
Van Ghost (2018) ANKHLEJOHN
10%
AmeriKKKan Korruption (2012) Capital STEEZ
10%
A Written Testimony (2020) Jay Electronica
10%
Tha Streetz Iz a Mutha (1999) Kurupt
10%
A-F-R-O Polo (2016) A-F-R-O
9%
Limbo (2020) Aminé
9%
Re:release (2002) [as The Juggaknots] Buddy Slim
9%
Federal (1992) E-40
9%
Diplomatic Immunity 2 (2004) [as The Diplomats] Jim Jones
9%
The Art Of War (1997) [as Bone Thugs-N-Harmony] Krayzie Bone
9%
Mista Thug Isolation (2012) Lil Ugly Mane
9%
Music To Driveby (1992) [as Compton's Most Wanted] MC Eiht
9%
No One Can Do It Better (1989) The D.O.C.
9%
Love Story (2015) Yelawolf
9%
Cozy Tapes Vol. 2: Too Cozy (2017) [as A$AP Mob] A$AP Twelvyy
8%
Only For Dolphins (2020) Action Bronson
8%
Saturation (2017) [as BROCKHAMPTON] Ameer Vann
8%
Hybrid Theory (2000) [as Linkin Park] Chester Bennington
8%
Mood Muzik 3: The Album (2007) Joe Budden
8%
4, 5, 6 (1995) Kool G Rap
8%
Dr. Octagonecologyst (1996) Kool Keith
8%
Lets Get Free (1999) [as Dead Prez] M-1
8%
A Long Hot Summer (2004) Masta Ace
8%
Saturation II (2017) [as BROCKHAMPTON] Matt Champion
8%
The Message (1982) [as Grandmaster Flash & The Furious Five] Melle Mel
8%
Word...Life (1994) O.C.
8%
Searching for Jerry Garcia (2005) Proof
8%
Labcabincalifornia (1995) [as The Pharcyde] SlimKid 3
8%
The #SWOUP Serengeti (2013) Spark Master Tape
8%
Anghellic (2001) Tech N9ne
8%
Making Trouble (1988) [as Geto Boys] Bushwick Bill
7%
The Director's Cut (2020) [with Harry Fraud] Curren$y
7%
Visions Of Bodies Being Burned (2020) [as clipping.] Daveed Diggs
7%
Better Off Dead (2013) [as Flatbush Zombies] Erick Arc Elliott
7%
Revolutionary Vol. 2 (2003) Immortal Technique
7%
400 Degreez (1998) Juvenile
7%
Knowledge Is King (1989) Kool Moe Dee
7%
E. 1999 Eternal (1995) [as Bone Thugs-N-Harmony] Layzie Bone
7%
The Hunger For More (2004) Lloyd Banks
7%
Paul's Boutique (1989) [as Beastie Boys] MCA
7%
Bad As I Wanna B (1996) MC Lyte
7%
Ghetty Green (1999) Project Pat
7%
The Unseen (2000) Quasimoto
7%
Center Of Attention (2002) [as InI] Ras G
7%
Goin' Off (1988) Biz Markie
6%
Btnhresurrection (2000) [as Bone Thugs-N-Harmony] Bizzy Bone
6%
Get Ya Mind Correct (2002) [with Paul Wall] Chamillionaire
6%
BlackenedWhite (2010) [as MellowHype] Left Brain
6%
Plain Rap (2000) [as The Pharcyde] Fatlip
6%
800 BC (2020) Fivio Foreign
6%
The Awakening (1996) Lord Finesse
6%
Roadrunner: New Light, New Machine (2021) [as BROCKHAMPTON] Merlyn Wood
6%
Lost Sessions (2017) [as InI] Rob-O
6%
19 Naughty III (1993) [as Naughty By Nature] Treach
6%
De La Soul Is Dead (1991) [as De La Soul] Trugoy the Dove
6%
Free TC (2015) Ty Dolla $ign
6%
You'll Cowards Don't Even Smoke Crack (2008) Viper
6%
Grip It! On That Other Level (1989) [as Geto Boys] Willie D
6%
DOG BOY (2021) ZillaKami
6%
Bizarre Ride II The Pharcyde (1992) [as The Pharcyde] Bootie Brown
5%
Mourning in America and Dreaming in Color (2012) Brother Ali
5%
So So Gangsta (2006) Daz Dillinger
5%
Long Term Effects Of Suffering (2021) [as $uicideboy$] $crim
5%
[...] Is the Name (1991) DJ Quik
5%
Saturation III (2017) [as BROCKHAMPTON] Dom McLennon
5%
Strength & Loyalty (2007) [as Bone Thugs-N-Harmony] Flesh-N-Bone
5%
The Hunt For The Gingerbread Man (2007) MF Grimm
5%
The Water[s] (2014) Mick Jenkins
5%
Brick Body Kids Still Daydream (2017) Open Mike Eagle
5%
Desire (2007) Pharoahe Monch
5%
Marcberg (2010) Roc Marciano
5%
Street Farmacy (2018) Rome Streetz
5%
I Want To Die In New Orleans (2018) [as $uicideboy$] Ruby da Cherry
5%
III: Temples of Boom (1995) [as Cypress Hill] Sen Dog
5%
Live & Grow (2015) Casey Veggies
4%
Rudebwoy (2020) [with Statik Selektah] CJ Fly
4%
Save Yourself (2016) ELUCID
4%
No Pressure (1993) Erick Sermon
4%
O. J. Simpson (2010) [with Madlib] Guilty Simpson
4%
Humboldt Beginnings (2004) [as The Pharcyde] Imani
4%
Kingz Kounty (2002) [with The Immobilarie] Jaz-O
4%
Wrath Of The Math (1996) Jeru The Damaja
4%
Feedback (2006) [as Jurassic 5] Marc 7
4%
Abandoned Language (2007) [as Dälek] MC Dälek/Will Brooks
4%
3001: A Laced Odyssey (2016) [as Flatbush Zombies] Meechy Darko
4%
3 Feet High And Rising (1989) [as De La Soul] Posdnuos
4%
All My Heroes Are Dead (2020) R.A. The Rugged Man
4%
Nightmare Vacation (2020) Rico Nasty
4%
By The Time I Get To Phoenix (2021) [as Injury Reserve] Ritchie With a T
4%
Amethyst Rock Star (2000) Saul Williams
4%
God Loves Ugly (2002) [as Atmosphere] Slug
4%
The Autobiography (2017) Vic Mensa
4%
The Great Milenko (1997) [as Insane Clown Posse] Violent J
4%
UNI5: The World's Enemy (2010) [as Bone Thugs-N-Harmony] Wish Bone
4%
Goodfellas (1995) [with Showbiz] A.G.
3%
No Man’s Land (1995) [as Souls Of Mischief] A-Plus
3%
Livin' In The Fast Lane (1984) [as Sugarhill Gang] Big Bank Hank
3%
Dope Game Stupid (2021) Bruiser Wolf
3%
Pain, Time And Glory (2005) Capone
3%
American Me (2005) CL Smooth
3%
The Realness (2001) Cormega
3%
Trinity: Past, Present & Future (2002) [as Slum Village] eLZhi
3%
Dopp Hopp (2017) [as The Doppelgangaz] EP
3%
Santa Barbara (2021) Fat Ray
3%
Heavy Mental (1998) Killah Priest
3%
Late Knight Special (2015) Kirk Knight
3%
Chpt. 2: World Domination (1997) [as Three-6-Mafia] Koopsta Knicca
3%
Deuce (1981) Kurtis Blow
3%
Fab Five (2015) [as Clear Soul Forces] Laz
3%
Stakes Is High (1996) [as De La Soul] Maseo
3%
So The Flies Don't Come (2015) [with Kenny Segal] Milo/R.A.P. Ferreira
3%
God's Favorite (2002) Noreaga/N.O.R.E.
3%
Ensley (2019) Pink Siifu
3%
Shadē Business (1994) PMD
3%
Mic Tyson (2012) Sean Price
3%
Carnival Of Carnage (1992) [as Insane Clown Posse] Shaggy 2 Dope
3%
Injury Reserve (2019) [as Injury Reserve] Stepa J. Groggs
3%
Shut 'Em Down (1998) [as Onyx] Sticky Fingaz
3%
Curb Servin' (1995) [with The Maad Circle] WC
3%
Dyn-O-Mite ‎(2019) ZelooperZ
3%
Still Standing (1998) [as Goodie Mob] Big Gipp
2%
PaidProgramming (2013) BONES
2%
Enta Da Stage (1993) [as Black Moon] Buckshot Shorty
2%
Beyond Spectrum: Creamy Spy Chronicles (2005) [as Digable Planets] Butterfly
2%
Here To Save You All (1996) Chino XL
2%
The Crashing Sound Of How It Goes (2021) Cities Aviv
2%
A Wolf in Sheep’s Clothing (1991) [as Black Sheep] Dres
2%
Old Boy Jon (2013) Dumbfoundead
2%
Martyrs Prayer (2020) [with 38 Spesh] El Camino
2%
Weather or Not (2018) Evidence
2%
E&A (2004) [with DJ Abilities] Eyedea
2%
Bacdafucup (1993) [as Onyx] Fredro Starr
2%
The Most Beautifullest Thing in This World (1994) Keith Murray
2%
World Party (1999) [as Goodie Mob] Khujo
2%
2nd II None (1991) [as 2nd II None] KK
2%
Reachin' New Refutation Of Time & Space (1993) [as Digable Planets] Ladybug Mecca
2%
The Man The Myth The Legacy (2007) Lord Infamous
2%
In God We Trust (1992) [as Brand Nubian] Lord Jamar
2%
Sugarhill Gang (1980) [as Sugarhill Gang] Master Gee
2%
Black Encyclopedia Of The Air (2021) Moor Mother
2%
Anywhere But Here (2021) Nyck Caution
2%
93 ’Til Infinity (1993) [as Souls Of Mischief] Opio
2%
There is Only Now (2014) [as Souls Of Mischief] Phesto
2%
Five Five (2018) Pouya
2%
Cash on Delivery (2006) Ray Cash
2%
Telicatessen (2004) Rob Sonic
2%
Fear Of A Mixed Planet (2004) Shock G
2%
The Hustler's Catalog 2 (2021) Smoke DZA
2%
Youngest In Charge (1989) Special Ed
2%
Montezuma’s Revenge (2009) [as Souls Of Mischief] Tajai
2%
Still Shinin' (2004) [as Smif-N-Wessun] Tek
2%
Written At Night (2017) Uncommon Nasa
2%
The Cold Vein (2001) [as Cannibal Ox] Vast Aire
2%
Season of the Assassin (2010) Vinnie Paz
2%
Blade of the Ronin (2015) [as Cannibal Ox] Vordul Mega
2%
No Mountains In Manhattan (2017) Wiki
2%
The Rebirth (2019) [as Sunz of Man] 60 Second Assassin
1%
All Balls Don't Bounce (1995) Aceyalone
1%
Quality Control (2000) [as Jurassic 5] Akil
1%
Eastern Philosophy (2006) Apathy
1%
Firing Squad (1996) [as M.O.P.] Billy Danze
1%
Elevators: Act I & II (2018) Bishop Nehru
1%
Season Of Da Siccness: The Resurrection (1995) Brotha Lynch Hung
1%
Perfect Hair (2014) Busdriver
1%
Hell's Winter (2005) Cage
1%
The Gatalog: A Collection of Chaos (2006) Celph Titled
1%
Jurassic 5 (1998) [as Jurassic 5] Chali 2na
1%
Livin’ Like Hustlers (1989) [as Above the Law] Cold 187um
1%
Carnelian (2015) [as Kill The Vultures] Crescent Moon
1%
Dirty Acres (2007) [as CunninLynguists] Deacon the Villian
1%
Hatred, Passions and Infidelity (1997) Diamond D
1%
Popular Demand (2007) Black Milk
1%
Non-Fiction (1994) [as Black Sheep] Mista Lawng
1%
Blowout Comb (1994) [as Digable Planets] Doodlebug
1%
O.S.T. (2002) [as People Under the Stairs] Double K
1%
Dead Serious (1991) [as Das EFX] Drayz
1%
1212 (2010) [with 7L] Esoteric
1%
Love, Peace and Nappiness (1997) [as Lost Boyz] Freaky Tah
1%
Free Will (2016) Freeway
1%
6 Feet Deep (1994) [as Gravediggaz] Frukwan/The Gatekeeper
1%
Scorpion Circles (2002) Genelec
1%
One For All (1990) [as Brand Nubian] Grand Puba
1%
Living Legend (2015) Gunplay
1%
The Future Is Now (2002) [as Non Phixion] Ill Bill
1%
Celestial Clockwork (2004) Illogic
1%
All Of The Above (2002) J-Live
1%
Rap Album Two (2017) Jonwayne
1%
All Fates Have Changed (2005) Jus Allah
1%
Warriorz (2000) [as M.O.P.] Lil' Fame
1%
Lone Sharks (2011) [as The Doppelgangaz] Matter Ov Fact
1%
The Life & Death of Scenery (2016) [with L'Orange] Mr. Lif
1%
A Strange Journey Into The Unimaginable (2018) Murs
1%
Light as Fuck (2015) NAH
1%
The Iceberg (2017) Oddisee
1%
Waterworld (1999) [as Binary Star] One Be Lo
1%
The Fourth Quarter Assassin (2006) Papoose
1%
Anchovies (2017) [with Apollo Brown] Planet Asia
1%
Feast Or Famine (2005) Reef The Lost Cauze
1%
Everything Is Everything (1994) [as Brand Nubian] Sadat X
1%
Hold It Down (1995) [as Das EFX] Skoob
1%
Power In Numbers (2002) [as Jurassic 5] Soup
1%
187 He Wrote (1993) Spice 1
1%
Information Age (2012) [as Dead Prez] stic.man
1%
Fan-tas-tic (1997) [as Slum Village] T3
1%
Stepfather (2006) [as People Under the Stairs] Thes One
1%
Soul Food (1995) [as Goodie Mob] T-Mo
1%
Intelligent Hoodlum (1990) Tragedy Khadafi/Intelligent Hoodlum
1%
SAY (2019) Vory
1%
Mirror Music (2004) Wordsworth
1%
Novakane (2001) [as Outlawz] Yaki Kadafi
1%
It Wasn't Even Close (2019) Your Old Droog
1%
Operation Stackola (1995) [as Luniz] Yukmouth
1%
Look What You Did to Me (1998) Z-Ro
1%
Coup de Theatre (2004) [as Haiku d'Etat] Abstract Rude
0%
On to Better Things (2018) Adé Hakim
0%
Absolute Value (2008) Akrobatik
0%
The Other Side of the Looking Glass (2002) Alias
0%
God Connections (1996) Al' Tariq
0%
Heavy Hearted in Doldrums (2014) Antwon
0%
Fantastic, Vol. 2 (1998) [as Slum Village] Baatin
0%
Mind Over Matter (2000) [as Zion I] Baba Zumbi
0%
Volume II (2017) [as Devilish Trio] Baker Ya Maker
0%
Fallen House, Sunken City (2010) B. Dolan
0%
Tragic Epilogue (2000) [as Antipop Consortium] Beans
0%
Funcrusher Plus (1997) [as Company Flow] Bigg Jus
0%
Adventures in Counter-Culture (2011) Blueprint
0%
Yams Heard This (2020) Bodega Bamz
0%
Use Your Confusion (2006) [as The Juggaknots] Breeze Brewin
0%
Square (2002) Buck 65
0%
King of Hearts (2010) Camu Tao
0%
Rebel Yellow (2008) Cecil Otter
0%
The One Man Band Broke Up (2010) Ceschi
0%
Past Cloaks (2016) Chester Watson
0%
The Anti-Mobius Strip Theory (2004) Cryptic One
0%
Black Business (1993) [as Poor Righteous Teachers] Culture Freedom
0%
Honey Sweeter Than Blood (2022) [with LOOK DAMIEN!] Da$H
0%
Spiral Walls Containing Autumns Of Light (1992) Divine Styler
0%
Here Come The Lords (1993) [as Lords Of The Underground] DoItAll
0%
Circle (2000) [with Boom Bip] Doseone
0%
Beauty And The Beat (2005) Edan
0%
Freedom (2017) Edo. G
0%
Still (2019) [as Clear Soul Forces] E-Fav
0%
Relax Relate Release (2002) El Da Sensei
0%
Grey Crow (2010) Eligh
0%
Enemy of the Establishment (2022) ELIOZIE
0%
Theft Of The Commons (2011) [as No Bird Sing] Eric Blair/Joe Horton
0%
Suffer (2020) Freddie Dredd
0%
Running Wild (2017) Grieves
0%
The Last Shall Be First (1998) [as Sunz of Man] Hell Razah
0%
Back At The House (2019) [with Kenny Segal] Hemlock Ernst
0%
Dreams Don't Chase Themselves (2015) Hezekiah
0%
Fluorescent Black (2009) [as Antipop Consortium] High Priest
0%
Collection II (2018) [as Devilish Trio] Hydra Mane
0%
Forceswithyou (2020) [as Clear Soul Forces] Ilajide
0%
The Blast Radius (2004) Insight
0%
A Tear For The Ghetto (1999) [as Group Home] Jamal Felder/Melachi The Nutcracker
0%
Bloody Radio (2007) [as Grayskul] JFK Ninjaface
0%
Excuse Me (2008) Kaboose
0%
The Two Of Us Are Dying (2019) Killstation
0%
Black Mafia Life (1992) [as Above the Law] KM.G
0%
Yesterday, Today & Tomorrow (2008) K-the-I???
0%
Zatoichi (2018) Kyo Itachi
0%
The Album (1997) [as Latyrx] Lateef the Truthspeaker
0%
Livin' Proof (1995) [as Group Home] Lil' Dap
0%
The M-Pire Shrikez Back (1999) [as Originoo Gunn Clappaz] Louieville Sluggah
0%
Why Look Up, God's In The Mirror (2021) Lukah
0%
Gothic Architecture (1995) [as Rubberoom] Lumba Blackwood
0%
Ritualize (2016) [with CSLSX] Lushlife
0%
The Second Album (2013) [as Latyrx] Lyrics Born
0%
Blah, Blah, Blah (1996) [as Blahzay Blahzay] MC Outloud
0%
Skeleton Crew Diaries (2009) [with D-Mitch] Memphis Reigns
0%
Architechnology (1999) [as Rubberoom] Meta-Mo
0%
Heaven's Fallout (2008) Mickey Factz
0%
Welcome to the Afterfuture (2000) Mike Ladd
0%
Legal Drug Money (1996) [as Lost Boyz] Mr. Cheeks
0%
Keepers Of The Funk (1994) [as Lords Of The Underground] Mr. Funke
0%
Kismet (2013) Mr. Muthafuckin' eXquire
0%
Arrhythmia (2002) [as Antipop Consortium] M. Sayyid
0%
1969 (2009) [with Factor Chandelier] Myka 9
0%
A Piece Of Strange (2005) [as CunninLynguists] Natti
0%
Jimmy The Burnout (2014) Nocando
0%
You Need This Music (2010) Nottz
0%
Detroit Revolution​(​s) (2012) [as Clear Soul Forces] Noveliss
0%
Lunitik Muzik (1997) [as Luniz] Numskull
0%
Halfway Homeless (2008) Oddateee
0%
Exodus into Unheard Rhythms (2006) Oh No
0%
The Grey Area (2003) Onry Ozzborn
0%
Perseverance (2007) Percee P
0%
Nightmare In A-Minor (2001) [as Gravediggaz] Poetic/The Grym Reaper
0%
The Old Testament (2006) [as Sunz of Man] Prodigal Sunn
0%
The Ugly Truth (2008) [with Reanimator] Prolyphic
0%
Orange Moon Over Brooklyn (2005) Pumpkinhead
0%
Tha Playa$ Manual (2020) [with Rocci] Ramirez
0%
Grey Hairs (2008) Reks
0%
Blue Collar (2006) Rhymefest
0%
Indestructible (2008) Ruste Juxx
0%
Flowers for My Father (2013) Sadistik
0%
Personal Journals (2002) Sage Francis
0%
Innercity Griots (1993) [as Freestyle Fellowship] Self Jupiter
0%
Masters Of The Universe (2000) [as Binary Star] Senim Silla
0%
Rooftop Shake (2011) [as Metermaids] Sentence
0%
Gasoline Rainbows (2006) Serengeti
0%
Big Juice tha Sip (2018) Shakewell
0%
Lights Out Paris (2005) Sims
0%
I Ain't Mad No More (2002) Skillz
0%
Selling Live Water (2003) Sole
0%
Da Storm (1996) [as Originoo Gunn Clappaz] Starang Wondah
0%
Dah Shinin' (1995) [as Smif-N-Wessun] Steele
0%
All We Got Iz Us (1995) [as Onyx] Suavé
0%
We Brought Knives (2014) [as Metermaids] Swell
0%
Paperwork (2019) Swordplay
0%
Hustler's Theme (2003) [as K-Otix] The ARE
0%
Music, Magic, Myth (2003) The Last Emperor
0%
On The Run (1996) Tommy Wright III
0%
For The Record (2011) Torae
0%
Belly (2008) [as Food for Animals] Vulture Voltaire
0%
Holy Intellect (1990) [as Poor Righteous Teachers] Wise Intelligent
0%
No matching quizzes found
Score Distribution
Percent of People with Each Score
Percentile by Number Answered
Your Score History
You have not taken this quiz